[Event "DEM U8 2024"]
[Site "Willingen GER"]
[Date "2024.05.24"]
[Round "5"]
[White "Zielke, Antonin"]
[Black "Fritsch, Julian"]
[Result "1-0"]
[Termination "normal"]
[Board "23"]
[WhiteElo "1519"]
[BlackElo "1136"]
[WhiteClock "00:43:48"]
[BlackClock "00:08:06"]
[PlyCount "137"]
[WhiteFideId "34661824"]
[BlackFideId "34626964"]
[EventCountry "GER"]
[EventRounds "7"]
[EventType "swiss"]
[EventDate "2024.05.21"]

1. e4 {[%clk 01:00:29]} {[%emt 00:00:02]} e5 {[%clk 01:00:25]} {[%emt
00:00:05]} 2. Nf3 {[%clk 01:00:38]} {[%emt 00:00:06]} Nc6 {[%clk 01:00:33]}
{[%emt 00:00:07]} 3. Bc4 {[%clk 01:00:47]} {[%emt 00:00:05]} Bc5 {[%clk
01:00:39]} {[%emt 00:00:10]} 4. c3 {[%clk 01:00:53]} {[%emt 00:00:08]} Nf6
{[%clk 01:00:48]} {[%emt 00:00:06]} 5. d4 {[%clk 01:00:59]} {[%emt 00:00:09]}
exd4 {[%clk 01:00:55]} {[%emt 00:00:08]} 6. cxd4 {[%clk 01:01:07]} {[%emt
00:00:07]} Bb4+ {[%clk 01:01:02]} {[%emt 00:00:08]} 7. Nc3 {[%clk 01:01:13]}
{[%emt 00:00:08]} Nxe4 {[%clk 01:01:07]} {[%emt 00:00:10]} 8. O-O {[%clk
01:01:23]} {[%emt 00:00:06]} Nxc3 {[%clk 01:00:21]} {[%emt 00:01:00]} 9. bxc3
{[%clk 01:01:20]} {[%emt 00:00:17]} Bxc3 {[%clk 01:00:20]} {[%emt 00:00:17]}
10. Ba3 {[%clk 01:01:30]} {[%emt 00:00:05]} d6 {[%clk 00:52:08]} {[%emt
00:08:27]} 11. Qb3 {[%clk 01:01:30]} {[%emt 00:00:14]} Nxd4 {[%clk 00:39:38]}
{[%emt 00:12:46]} 12. Qxc3 {[%clk 01:01:02]} {[%emt 00:00:43]} Nxf3+ {[%clk
00:39:17]} {[%emt 00:00:36]} 13. Qxf3 {[%clk 01:01:00]} {[%emt 00:00:16]} Be6
{[%clk 00:36:56]} {[%emt 00:02:36]} 14. Rae1 {[%clk 01:01:00]} {[%emt
00:00:16]} Qd7 {[%clk 00:36:17]} {[%emt 00:00:55]} 15. Qg3 {[%clk 01:00:43]}
{[%emt 00:00:31]} O-O-O {[%clk 00:35:36]} {[%emt 00:00:57]} 16. Bxe6 {[%clk
00:59:47]} {[%emt 00:01:10]} fxe6 {[%clk 00:35:35]} {[%emt 00:00:15]} 17. Bb2
{[%clk 00:58:42]} {[%emt 00:01:20]} e5 {[%clk 00:35:20]} {[%emt 00:00:31]} 18.
Qa3 {[%clk 00:58:10]} {[%emt 00:00:47]} Kb8 {[%clk 00:34:42]} {[%emt 00:00:53]}
19. Qb3 {[%clk 00:57:38]} {[%emt 00:00:47]} g5 {[%clk 00:31:53]} {[%emt
00:03:04]} 20. Rb1 {[%clk 00:57:41]} {[%emt 00:00:11]} c6 {[%clk 00:30:04]}
{[%emt 00:02:04]} 21. Rfc1 {[%clk 00:57:22]} {[%emt 00:00:35]} h5 {[%clk
00:28:52]} {[%emt 00:01:27]} 22. h3 {[%clk 00:56:59]} {[%emt 00:00:38]} Rdg8
{[%clk 00:26:39]} {[%emt 00:02:25]} 23. Rc4 {[%clk 00:56:19]} {[%emt 00:00:56]}
Rh7 {[%clk 00:21:14]} {[%emt 00:05:40]} 24. Rd1 {[%clk 00:55:52]} {[%emt
00:00:41]} Qe7 {[%clk 00:17:27]} {[%emt 00:04:02]} 25. Rxc6 {[%clk 00:55:34]}
{[%emt 00:00:33]} Rc8 {[%clk 00:16:46]} {[%emt 00:00:57]} 26. Rcxd6 {[%clk
00:55:14]} {[%emt 00:00:35]} Qe8 {[%clk 00:15:31]} {[%emt 00:01:30]} 27. Re6
{[%clk 00:54:55]} {[%emt 00:00:34]} Qg8 {[%clk 00:15:12]} {[%emt 00:00:34]} 28.
Bxe5+ {[%clk 00:54:25]} {[%emt 00:00:43]} Ka8 {[%clk 00:15:07]} {[%emt
00:00:22]} 29. Rb1 {[%clk 00:52:49]} {[%emt 00:01:51]} g4 {[%clk 00:14:41]}
{[%emt 00:00:40]} 30. hxg4 {[%clk 00:51:29]} {[%emt 00:01:35]} hxg4 {[%clk
00:14:47]} {[%emt 00:00:09]} 31. a4 {[%clk 00:50:00]} {[%emt 00:01:42]} Qg5
{[%clk 00:14:24]} {[%emt 00:00:39]} 32. a5 {[%clk 00:48:41]} {[%emt 00:01:35]}
Rc1+ {[%clk 00:14:11]} {[%emt 00:00:28]} 33. Qd1 {[%clk 00:47:50]} {[%emt
00:01:06]} Rxd1+ {[%clk 00:14:19]} {[%emt 00:00:07]} 34. Rxd1 {[%clk 00:47:57]}
{[%emt 00:00:07]} Qg8 {[%clk 00:13:14]} {[%emt 00:01:21]} 35. Red6 {[%clk
00:47:31]} {[%emt 00:00:42]} Rc7 {[%clk 00:10:08]} {[%emt 00:03:21]} 36. Rd8+
{[%clk 00:47:10]} {[%emt 00:00:35]} Rc8 {[%clk 00:10:08]} {[%emt 00:00:16]} 37.
Rxg8 {[%clk 00:47:13]} {[%emt 00:00:11]} Rxg8 {[%clk 00:10:12]} {[%emt
00:00:12]} 38. Rd3 {[%clk 00:46:38]} {[%emt 00:00:49]} Re8 {[%clk 00:09:58]}
{[%emt 00:00:31]} 39. Bb2 {[%clk 00:46:24]} {[%emt 00:00:29]} Rg8 {[%clk
00:09:44]} {[%emt 00:00:29]} 40. Rg3 {[%clk 00:46:27]} {[%emt 00:00:10]} Kb8
{[%clk 00:09:13]} {[%emt 00:00:47]} 41. f3 {[%clk 00:46:26]} {[%emt 00:00:16]}
Kc8 {[%clk 00:09:03]} {[%emt 00:00:25]} 42. fxg4 {[%clk 00:46:25]} {[%emt
00:00:15]} Kd7 {[%clk 00:08:53]} {[%emt 00:00:25]} 43. Kf2 {[%clk 00:46:32]}
{[%emt 00:00:08]} Kc6 {[%clk 00:08:11]} {[%emt 00:00:57]} 44. Kf3 {[%clk
00:46:08]} {[%emt 00:00:40]} Kb5 {[%clk 00:08:04]} {[%emt 00:00:22]} 45. Bd4
{[%clk 00:46:04]} {[%emt 00:00:18]} Kxa5 {[%clk 00:07:55]} {[%emt 00:00:25]}
46. Bxa7 {[%clk 00:46:08]} {[%emt 00:00:11]} b5 {[%clk 00:07:53]} {[%emt
00:00:17]} 47. Kf4 {[%clk 00:45:03]} {[%emt 00:01:19]} b4 {[%clk 00:07:46]}
{[%emt 00:00:24]} 48. Rd3 {[%clk 00:44:59]} {[%emt 00:00:18]} Ka4 {[%clk
00:07:30]} {[%emt 00:00:32]} 49. Rd4 {[%clk 00:45:08]} {[%emt 00:00:06]} Kb5
{[%clk 00:07:24]} {[%emt 00:00:21]} 50. g5 {[%clk 00:45:11]} {[%emt 00:00:11]}
b3 {[%clk 00:07:22]} {[%emt 00:00:18]} 51. Rd1 {[%clk 00:44:55]} {[%emt
00:00:31]} Kb4 {[%clk 00:07:21]} {[%emt 00:00:15]} 52. Bd4 {[%clk 00:44:53]}
{[%emt 00:00:16]} Rd8 {[%clk 00:07:07]} {[%emt 00:00:31]} 53. Bc5+ {[%clk
00:44:01]} {[%emt 00:01:07]} Kxc5 {[%clk 00:07:11]} {[%emt 00:00:11]} 54. Rxd8
{[%clk 00:44:07]} {[%emt 00:00:09]} Kc4 {[%clk 00:06:53]} {[%emt 00:00:33]} 55.
Ke3 {[%clk 00:43:09]} {[%emt 00:01:12]} Kc3 {[%clk 00:06:51]} {[%emt 00:00:18]}
56. Rc8+ {[%clk 00:43:06]} {[%emt 00:00:18]} Kb2 {[%clk 00:06:55]} {[%emt
00:00:10]} 57. Kd2 {[%clk 00:43:13]} {[%emt 00:00:08]} Ka2 {[%clk 00:06:56]}
{[%emt 00:00:15]} 58. Rb8 {[%clk 00:43:13]} {[%emt 00:00:15]} b2 {[%clk
00:06:56]} {[%emt 00:00:15]} 59. Kc2 {[%clk 00:43:16]} {[%emt 00:00:10]} b1=Q
{[%clk 00:06:59]} {[%emt 00:00:11]} 60. Rxb1 {[%clk 00:43:20]} {[%emt
00:00:12]} Ka3 {[%clk 00:07:07]} {[%emt 00:00:08]} 61. Rb8 {[%clk 00:43:05]}
{[%emt 00:01:32]} Ka4 {[%clk 00:07:13]} {[%emt 00:00:09]} 62. Kc3 {[%clk
00:42:59]} {[%emt 00:00:22]} Ka5 {[%clk 00:07:20]} {[%emt 00:00:08]} 63. Kc4
{[%clk 00:43:05]} {[%emt 00:00:09]} Ka6 {[%clk 00:07:27]} {[%emt 00:00:07]} 64.
Kc5 {[%clk 00:43:10]} {[%emt 00:00:10]} Ka7 {[%clk 00:07:36]} {[%emt 00:00:07]}
65. Rb1 {[%clk 00:43:17]} {[%emt 00:00:08]} Ka6 {[%clk 00:07:38]} {[%emt
00:00:13]} 66. Rb2 {[%clk 00:43:23]} {[%emt 00:00:08]} Ka7 {[%clk 00:07:47]}
{[%emt 00:00:06]} 67. Kc6 {[%clk 00:43:30]} {[%emt 00:00:08]} Ka8 {[%clk
00:07:57]} {[%emt 00:00:05]} 68. Kc7 {[%clk 00:43:39]} {[%emt 00:00:06]} Ka7
{[%clk 00:08:06]} {[%emt 00:00:06]} 69. Ra2# {[%clk 00:43:48]} {[%emt
00:00:05]} 1-0